| 000 | 00438nam a2200181Ia 4500 | ||
|---|---|---|---|
| 001 | 23365 | ||
| 005 | 20260414150932.0 | ||
| 008 | 260414t2008||||xx |||||||||||||| ||spa|| | ||
| 041 | _aESP | ||
| 082 |
_a629.892 _bM22 2008 |
||
| 100 |
_aMandado Pérez, Enrique _eAUT |
||
| 245 | 0 |
_aAutómatas programables _b |
|
| 260 | _c2008 | ||
| 300 |
_axxi, 724 páginas : _c26 cm. |
||
| 650 | _aCNM | ||
| 654 | _aCCN | ||
| 942 |
_cLIB _dJUS _fJUS _2ddc _n |
||
| 999 |
_c23365 _d23365 |
||